Fictional Companies Quiz Stats

 Plays Quiz Updated Mar 29, 2019

Score 0/30 Timer 08:00
0 Plays Today
Featured In Company % Correct
The Office (US)Dunder Mifflin
64.1%
Looney TunesACME Corporation
59.7%
SeinfeldVandelay Industries
59.3%
BatmanWayne Enterprises
47.5%
The SimpsonsKwik-E-Mart
45.4%
The SimpsonsKrusty Burger
44.2%
Home ImprovementBinford
40.4%
Harry PotterGringotts
34.1%
Office SpaceInitech
27.1%
LostOceanic Airlines
24.5%
Resident EvilUmbrella Corp.
24%
The SopranosBada Bing
20.5%
King of the HillStrickland Propane
17.1%
Marvel ComicsStark Industries
16.8%
The JetsonsSpacely Space Sprockets
16.3%
Featured In Company % Correct
Clerks and DogmaMooby's
15.9%
Pulp FictionBig Kahuna Burger
13.6%
Super TroopersDimpus Burger
13.4%
DallasEwing Oil
12.1%
Spider-ManOscorp
10.6%
Die HardNakatomi Trading Corp
8.3%
TerminatorCyberdyne Systems Corp.
7.1%
HeroesPrimatech Paper Co.
6.6%
FuturamaMomCorp
6.1%
Austin PowersVirtucon
2.1%
Blade RunnerTyrell Corporation
1.9%
The Hitchhiker's Guide to the GalaxySirius Cybernetics Corp
1.5%
DuneCombine Honnete Ober Advancer Mercantiles (CHOAM)
1%
ZorkFrobozz Magic Co.
0.7%
Monty Python's Flying CircusWhizzo
0.5%

You're not logged in!

Compare scores with friends on all Sporcle quizzes.
OR
Log In

Sporcle TV

Today on Sporcle TV


Watch our educational content, quiz creation guides, and fun videos on Sporcle TV.

Show Comments

Extras

Top Quizzes Today


Score Distribution

Your Account Isn't Verified!

In order to create a playlist on Sporcle, you need to verify the email address you used during registration. Go to your Sporcle Settings to finish the process.

Report this User

Report this user for behavior that violates our Community Guidelines.

Details: